000 00912nam a2200313 a 4500
003 AR-BaBNM
005 20251128203915.0
008 082120s2002 ||||||||||||||000 | spa||
040 _cAR-BaBNM
100 1 _aMéndez, Liliana
245 0 0 _aProyectos constructivista
_blengua 2do ciclo
250 _a1ª ed.
260 _aBuenos Aires
_bVocación Docente
_c1993
300 _a318 p.
_bil.
500 _aIncluye 46 fichas de lengua elaboradas por Liliana Méndez y Enrique Tarchini
650 4 _aCUENTO INFANTIL
650 4 _aACTIVIDADES DE APRENDIZAJE
650 4 _aPROYECTOS
650 4 _aENSEÑANZA DE LA LECTURA
650 4 _aENSEÑANZA DE LA ESCRITURA
650 4 _aLENGUAJE
653 _aCONSTRUCTIVISMO
653 _aENSENANZA DE LA LENGUA
653 _aEDUCACION PRIMARIA
700 1 _aTarchini, Sergio
700 1 _aGoyanes, Néstor A.
_eilustrador
942 _cBK
998 _cMarce
999 _c5424
_d5424